Detalles MARC
| 000 -CABECERA |
| campo de control de longitud fija |
03033nam a2200337 i 4500 |
| 001 - NÚMERO DE CONTROL |
| campo de control |
000032827 |
| 003 - IDENTIFICADOR DEL NÚMERO DE CONTROL |
| campo de control |
DO-SdBNP |
| 005 - FECHA Y HORA DE LA ÚLTIMA TRANSACCIÓN |
| campo de control |
20240308073621.0 |
| 007 - CAMPO FIJO DE DESCRIPCIÓN FÍSICA--INFORMACIÓN GENERAL |
| campo de control de longitud fija |
ta |
| 008 - DATOS DE LONGITUD FIJA--INFORMACIÓN GENERAL |
| campo de control de longitud fija |
110726t1952 sp c 001 ebspa d |
| 040 ## - FUENTE DE LA CATALOGACIÓN |
| Centro catalogador/agencia de origen |
DO-SdBNP |
| Lengua de catalogación |
spa |
| Centro/agencia transcriptor |
BNPHU |
| Normas de descripción |
rda |
| 049 ## - FONDOS LOCALES (OCLC) |
| Fondos de biblioteca |
BNPD |
| 082 #4 - NÚMERO DE LA CLASIFICACIÓN DECIMAL DEWEY |
| Número de clasificación |
923.77295 |
| Número de documento/Ítem |
H831h |
| Número de edición |
22 |
| 245 00 - MENCIÓN DE TÍTULO |
| Título |
Hostos hispanoamericanista : |
| Resto del título |
colección de ensayos acerca de Eugenio María de Hostos / |
| Mención de responsabilidad, etc. |
recogidos y publicados por Eugenio Carlos de Hostos ; introducción por Tulio M. Cestero. |
| 264 ## - PRODUCCIÓN, PUBLICACIÓN, DISTRIBUCIÓN, FABRICACIÓN Y COPYRIGHT |
| Producción, publicación, distribución, fabricación y copyright |
Madrid : |
| Nombre del de productor, editor, distribuidor, fabricante |
Imprenta, Litografía y Encuadernación, |
| Fecha de producción, publicación, distribución, fabricación o copyright |
1952. |
| 300 ## - DESCRIPCIÓN FÍSICA |
| Extensión |
431 páginas : |
| Otras características físicas |
retratos ; |
| Dimensiones |
24 cm. |
| 336 ## - TIPO DE CONTENIDO |
| Fuente |
rdacontent |
| Término de tipo de contenido |
texto |
| Código de tipo de contenido |
txt |
| 337 ## - TIPO DE MEDIO |
| Fuente |
rdamedia |
| Nombre/término del tipo de medio |
sin mediación |
| Código del tipo de medio |
n |
| 338 ## - TIPO DE SOPORTE |
| Fuente |
rdacarrier |
| Nombre/término del tipo de soporte |
volumen |
| Código del tipo de soporte |
nc |
| 500 ## - NOTA GENERAL |
| Nota general |
Incluye cronología de Hostos. |
| 504 ## - NOTA DE BIBLIOGRAFÍA, ETC. |
| Nota de bibliografía, etc. |
Incluye bibliografía y notas al pie de páginas. |
| 504 ## - NOTA DE BIBLIOGRAFÍA, ETC. |
| Nota de bibliografía, etc. |
Bibliografía hostosiana : p. 387-425. |
| 505 0# - NOTA DE CONTENIDO CON FORMATO |
| Nota de contenido con formato |
Introducción / |
| Mención de responsabilidad |
Tulio M. Cestero -- |
| Información miscelánea |
El Hombre : |
| Título |
Eugenio María de Hostos / |
| Mención de responsabilidad |
Concha Espina -- |
| Título |
Hostos, patriota ejemplar / |
| Mención de responsabilidad |
Margot Arce de Vázquez -- |
| Título |
Hostos en la Unión Panamericana / |
| Mención de responsabilidad |
Leo S. Rowe -- |
| Título |
Hostos en el Capitolio de Puerto Rico / |
| Mención de responsabilidad |
Emilio del Toro Cuevas -- |
| Título |
Eugenio María de Hostos / |
| Mención de responsabilidad |
Francisco Henríquez y Carvajal -- |
| Título |
Actividad e influencia de Hostos en Santo Domingo / |
| Mención de responsabilidad |
Max Henríquez Ureña -- |
| Título |
El padre Billini y Eugenio María de Hostos / |
| Mención de responsabilidad |
Emilio Rodríguez Demorizi -- |
| Título |
La peregrinación heroica de Eugenio María de Hostos / |
| Mención de responsabilidad |
Pedro de Alba -- |
| Título |
Ribeldía y disciplina en Hostos. Vida y obra / |
| Mención de responsabilidad |
Andrés Iduarte -- |
| Título |
El prócer que se quedó sin patria / |
| Mención de responsabilidad |
Justo Pastor Benítez-- |
| Título |
Hostos: Semblanza de una vida / |
| Mención de responsabilidad |
Luis Galdames -- |
| Título |
Mujeres en la vida de Hostos / |
| Mención de responsabilidad |
Juan Bosch -- |
| Información miscelánea |
Sus Ideas : |
| Título |
Las doctrinas políticas de Eugenio María de Hostos / |
| Mención de responsabilidad |
Francisco Elías de Tejada -- |
| Título |
Sociopatía americana. Comentarios a Hostos / |
| Mención de responsabilidad |
Rafael Estenger -- |
| Título |
El derecho constitucional en Eugenio María de Hostos / |
| Mención de responsabilidad |
J. M. Velasco Ibarra-- |
| Título |
Un ilustre antillano Prócer de Chile / |
| Mención de responsabilidad |
Víctor Domingo Silva -- |
| Título |
Actualidad de Eugenio María de Hostos / |
| Mención de responsabilidad |
Max Daireaux -- |
| Título |
Eugenio María de Hostos y Bonilla / |
| Mención de responsabilidad |
William Rex Crawford -- |
| Título |
El sentido americanista en Hostos / |
| Mención de responsabilidad |
Richart Pattee -- |
| Título |
Hostos y sentido solidario de Latino América / |
| Mención de responsabilidad |
Fernán Félix de Amador -- |
| Título |
El americanismo de Hostos / |
| Mención de responsabilidad |
Adolfo de Hostos -- |
| Información miscelánea |
Apéndice : |
| Título |
Esquema biográfico de Eugenio María de Hostos -- |
| -- |
Revistas y periódicos que Hostos fundó, dirigió o redactó o en los cuales colaboró -- |
| -- |
Obras de Eugenio María de Hostos -- |
| -- |
Bibliografía hostosiana -- |
| -- |
Algunos Amigos y corresponsales de Hostos. |
| 590 ## - NOTA LOCAL (RLIN) |
| Nota local |
Inventariado, 2023/BT |
| 600 14 - PUNTO DE ACCESO ADICIONAL DE MATERIA--NOMBRE DE PERSONA |
| Nombre de persona |
Hostos y Bonilla, Eugenio Maria de, |
| Fechas asociadas al nombre |
1839-1903 |
| Subdivisión general |
Crítica e interpretación |
| 9 (RLIN) |
54187 |
| 650 #4 - PUNTO DE ACCESO ADICIONAL DE MATERIA--TÉRMINO DE MATERIA |
| Término de materia o nombre geográfico como elemento de entrada |
Intelectuales |
| Subdivisión geográfica |
Puerto Rico |
| 9 (RLIN) |
1002 |
| 700 1# - PUNTO DE ACCESO ADICIONAL--NOMBRE DE PERSONA |
| Nombre de persona |
Hostos, Eugenio Carlos de, |
| Fechas asociadas al nombre |
1879-1959, |
| Término indicativo de función/relación |
compilador |
| 9 (RLIN) |
58628 |
| 700 1# - PUNTO DE ACCESO ADICIONAL--NOMBRE DE PERSONA |
| Nombre de persona |
Cestero, Tulio M., |
| Forma completa/desarrollada del nombre |
(Tulio Manuel), |
| Fechas asociadas al nombre |
1877-1955 |
| Término indicativo de función/relación |
introducción |
| 9 (RLIN) |
1698 |
| 910 ## - DATOS DE OPCIÓN DEL USUARIO (OCLC) |
| Datos de opción del usuario |
Validado. Control de calidad EMS. |
| 942 ## - ELEMENTOS DE PUNTO DE ACCESO ADICIONAL (KOHA) |
| Fuente del sistema de clasificación o colocación |
Dewey Decimal Classification |
| Tipo de ítem Koha |
Libro |